000 00819nab a2200217 i 4500
005 20260121101640.0
008 260103d ua qr|j| |||| 00| 0 ara d
040 _aEG-GICUC
_cEG-GICUC
_dEG-GICUC
_erda
082 0 4 _a343.1
_221
245 0 2 _aالحماية الجنائية لحق الانسان في صورته /
_cإعداد: د. هشام محمد فريد رستم.
264 0 1 _aأسيوط :
_bكلية الحقوق-جامعة أسيوط،
_c1986 -
300 _a5-158 صفحة؛
_c26 سم.
336 _2rda content
_aText
337 _2rda media
_aunmediated
338 _2rda carrier
_avolume
362 0 _a.
773 _tمجلة الدراسات القانونية.
_gالعدد الثامن.
_w54151
856 _uhttps://fll.law.cu.edu.eg/fulltext/cr/S00-090471.pdf
905 _a9
942 _2ddc
_cARTC
_n0
999 _c54152
_d54152